000 00595nam a2200205Ii 4500
001 5406
003 CO-ViMGA
008 241108s9999||||xx |||||||||||||| ||und||
040 _aCO-ViMGA
_bspa
_erda
_cCO-ViMGA
041 0 _aspa
084 _aN MCC4b
100 1 _aCarson McCullers
_945575
245 1 0 _aLa balada del café triste, reflejos en un ojo dorado
264 1 _aMadrid, España : Salvat, 1971
300 _avolumen
336 _atext
_btxt
_2rdacontent
337 _aunmediated
_bn
_2rdamedia
338 _avolume
_bnc
_2rdacarrier
940 _aidficha_siabuc: 5262. -- ficha_no_siabuc:5406
999 _c40100
_d40100